เปลี่ยนเป็นภาษาไทย

Change to English
 แสดงรายละเอียดบรรณานุกรม
  กลับหน้าหลัก

Brief Record : Get Marc (ISO 2709) : E-mail record : QR code < ปิดหน้าต่าง
mysqli: Table './ulib62015/stat_globaluid' is marked as crashed and should be repaired
select id from stat_globaluid where statuid='20260517234240_4059' 
mysqli: Table './ulib62015/stat_globaluid' is marked as crashed and should be repaired
DELETE FROM stat_globaluid
			WHERE id NOT IN (
			  SELECT id
			  FROM (
				SELECT id
				FROM stat_globaluid
				ORDER BY id DESC
				LIMIT 100
			  ) foo
			); 
mysqli: Table './ulib62015/stat_globaluid' is marked as crashed and should be repaired
insert into stat_globaluid set
		statuid='20260517234240_4059',
		dt='1779036160',
		phpself='/ULIB62015/dublinfull.php',
		agent='Mozilla/5.0 AppleWebKit/537.36 (KHTML, like Gecko; compatible; ClaudeBot/1.0; +claudebot@anthropic.com)',
		yea='2026',
		mon='5',
		dat='17',
		ip='216.73.216.45'
		
		
mysqli: Table './ulib62015/stathist_viewbib_bib_type' is marked as crashed and should be repaired
insert into stathist_viewbib_bib_type set 
		dat='17' ,
		 mon='05' ,
		  yea='2026' ,
			 statuid='20260517234240_4059' ,
			 head='31199' ,
			 foot='marc' ,
			 dt='1779036160' 
		
LEADER : 01174nam 2200277 a 4500
001    31199
003     ULIB
008    030417s2550 caua sb 001 0 tha
020    ^a9789740319863
060 04 ^aQY185^bว712ก 2550
100 0  ^aวิโรจน์ ไววานิชกิจ
245 10 ^aการตรวจปัสสาวะทางห้องปฏิบัติการขั้นพื้นฐาน /^cวิโรจน์ ไววานิชกิจ
250    ^aพิมพ์ครั้งที่ 1
260    ^aกรุงเทพฯ :^bสำนักพิมพ์แห่งจุฬาลงกรณ์มหาวิทยาลัย,^c2550
300    ^a74 หน้า ;^c21 ซม.
650  4 ^aปัสสาวะ^xการวิเคราะห์
650  4 ^aการวินิจฉัยโรคทางห้องปฏิบัติการ
945    ^p60^l0^i013914
945    ^p0^l0^i013915
945    ^p0^l0^i013916
945    ^p0^l0^i013917
945    ^p60^l0^i011349
945    ^p0^l0^i015433
945    ^p0^l0^i015434
945    ^p0^l0^i015435
945    ^p0^l0^i015436
945    ^p0^l0^i015437
999    ^alib
รายการนี้ยังไม่มีแท็ก
คุณยังไม่ได้ล็อกอิน คุณสามารถมีกิจกรรมร่วมกับเว็บไซต์ได้ แต่ต้องล็อกอินก่อน ::
  ล็อกอิน
  One Stop Service : ศูนย์ให้บริการแบบเบ็ดเสร็จ   จัดการหนังสือโปรด   แจ้งรายการบรรณานุกรมผิดพลาด
ลำดับที่ ประเภท เลขเรียก/บาร์โค้ด สถานที่ สถานะ
1. หนังสือ
หนังสือ
QY185 ว712ก 2550 ฉ.1 
  Barcode: 011349
หนังสือทั่วไป บนชั้น
  ขอยืม
2. หนังสือ
หนังสือ
QY185 ว712ก 2550 ฉ.10 
  Barcode: 015437
หนังสือทั่วไป บนชั้น
  ขอยืม
3. หนังสือ
หนังสือ
QY185 ว712ก 2550 ฉ.2 
  Barcode: 013914
หนังสือทั่วไป บนชั้น
  ขอยืม
4. หนังสือ
หนังสือ
QY185 ว712ก 2550 ฉ.3 
  Barcode: 013915
หนังสือทั่วไป บนชั้น
  ขอยืม
5. หนังสือ
หนังสือ
QY185 ว712ก 2550 ฉ.4 
  Barcode: 013916
หนังสือทั่วไป บนชั้น
  ขอยืม
6. หนังสือ
หนังสือ
QY185 ว712ก 2550 ฉ.5 
  Barcode: 013917
หนังสือทั่วไป บนชั้น
  ขอยืม
7. หนังสือ
หนังสือ
QY185 ว712ก 2550 ฉ.6 
  Barcode: 015433
หนังสือทั่วไป บนชั้น
  ขอยืม
8. หนังสือ
หนังสือ
QY185 ว712ก 2550 ฉ.7 
  Barcode: 015434
หนังสือทั่วไป บนชั้น
  ขอยืม
9. หนังสือ
หนังสือ
QY185 ว712ก 2550 ฉ.8 
  Barcode: 015435
หนังสือทั่วไป บนชั้น
  ขอยืม
10. หนังสือ
หนังสือ
QY185 ว712ก 2550 ฉ.9 
  Barcode: 015436
หนังสือทั่วไป บนชั้น
  ขอยืม

รายการใกล้เคียง
    ผู้แต่ง [วิโรจน์ ไววานิชกิจ]

    หัวเรื่อง [การวินิจฉัยโรคทางห้องปฏิบัติการ]

BibComment


ยังไม่เคยถูกคอมเมนท์

คอมเมนท์ทรัพยากรรายการนี้
  คอมเมนท์: การตรวจปัสสาวะทา..
Bib 31199

 
 
 

 Union Library Management : ULibM
Copyright 2026. All Rights Reserved.